<?xml version="1.0" encoding="UTF-8"?>
<collection xmlns="http://www.loc.gov/MARC21/slim">
<record>
  <controlfield tag="001">803007</controlfield>
  <controlfield tag="005">20220428141455.0</controlfield>
  <datafield tag="037" ind1=" " ind2=" ">
    <subfield code="a">RWTH-CONV-242433</subfield>
  </datafield>
  <datafield tag="041" ind1=" " ind2=" ">
    <subfield code="a">German</subfield>
  </datafield>
  <datafield tag="100" ind1="1" ind2=" ">
    <subfield code="0">P:(DE-82)817572</subfield>
    <subfield code="a">Hiller, Jonas</subfield>
    <subfield code="b">0</subfield>
    <subfield code="u">rwth</subfield>
  </datafield>
  <datafield tag="245" ind1=" " ind2=" ">
    <subfield code="a">Herleitung einer Technologiematrix aus dem Technologieportfolio anwendungsorientierter Forschungsvorhaben der korrespondierenden Forschungsinitiative Energiewendebauen im Bereich Energie in Gebäuden und Quartieren</subfield>
    <subfield code="c">Jonas Hiller</subfield>
    <subfield code="h">print</subfield>
  </datafield>
  <datafield tag="260" ind1=" " ind2=" ">
    <subfield code="a">Aachen</subfield>
    <subfield code="c">2018</subfield>
  </datafield>
  <datafield tag="336" ind1="7" ind2=" ">
    <subfield code="0">2</subfield>
    <subfield code="2">EndNote</subfield>
    <subfield code="a">Thesis</subfield>
  </datafield>
  <datafield tag="336" ind1="7" ind2=" ">
    <subfield code="0">PUB:(DE-HGF)2</subfield>
    <subfield code="2">PUB:(DE-HGF)</subfield>
    <subfield code="a">Bachelor Thesis</subfield>
    <subfield code="b">bachelor</subfield>
    <subfield code="m">bachelor</subfield>
  </datafield>
  <datafield tag="336" ind1="7" ind2=" ">
    <subfield code="2">BibTeX</subfield>
    <subfield code="a">MASTERSTHESIS</subfield>
  </datafield>
  <datafield tag="336" ind1="7" ind2=" ">
    <subfield code="2">DRIVER</subfield>
    <subfield code="a">bachelorThesis</subfield>
  </datafield>
  <datafield tag="336" ind1="7" ind2=" ">
    <subfield code="2">DataCite</subfield>
    <subfield code="a">Output Types/Supervised Student Publication</subfield>
  </datafield>
  <datafield tag="336" ind1="7" ind2=" ">
    <subfield code="2">ORCID</subfield>
    <subfield code="a">SUPERVISED_STUDENT_PUBLICATION</subfield>
  </datafield>
  <datafield tag="502" ind1=" " ind2=" ">
    <subfield code="a">Bachelorarbeit, Rheinisch-Westfälische Technische Hochschule Aachen, 2018</subfield>
    <subfield code="b">Bachelorarbeit</subfield>
    <subfield code="c">Rheinisch-Westfälische Technische Hochschule Aachen</subfield>
    <subfield code="g">Fak03</subfield>
  </datafield>
  <datafield tag="591" ind1=" " ind2=" ">
    <subfield code="a">Germany</subfield>
  </datafield>
  <datafield tag="909" ind1="C" ind2="O">
    <subfield code="o">oai:publications.rwth-aachen.de:803007</subfield>
    <subfield code="p">VDB</subfield>
  </datafield>
  <datafield tag="910" ind1="1" ind2=" ">
    <subfield code="0">I:(DE-588b)36225-6</subfield>
    <subfield code="6">P:(DE-82)817572</subfield>
    <subfield code="a">RWTH Aachen</subfield>
    <subfield code="b">0</subfield>
    <subfield code="k">RWTH</subfield>
  </datafield>
  <datafield tag="914" ind1="1" ind2=" ">
    <subfield code="y">2018</subfield>
  </datafield>
  <datafield tag="920" ind1="1" ind2=" ">
    <subfield code="0">I:(DE-82)312410_20140620</subfield>
    <subfield code="k">312410</subfield>
    <subfield code="l">Lehrstuhl für Energieeffizientes Bauen</subfield>
    <subfield code="x">0</subfield>
  </datafield>
  <datafield tag="970" ind1=" " ind2=" ">
    <subfield code="a">Hiller2018-RWTHp</subfield>
  </datafield>
  <datafield tag="980" ind1=" " ind2=" ">
    <subfield code="a">I:(DE-82)312410_20140620</subfield>
  </datafield>
  <datafield tag="980" ind1=" " ind2=" ">
    <subfield code="a">UNRESTRICTED</subfield>
  </datafield>
  <datafield tag="980" ind1=" " ind2=" ">
    <subfield code="a">VDB</subfield>
  </datafield>
  <datafield tag="980" ind1=" " ind2=" ">
    <subfield code="a">bachelor</subfield>
  </datafield>
</record>
</collection>